000 00769aas a2200229 4500
999 _c1154
_d1154
003 BR-BrBNA
005 20230317233053.0
007 ta
008 230119b bl ||||| |||| 00| 0 por d
035 _a000485-5
040 _aBR-BrBNA
_bPor
_cBR-BrBNA
042 _a026209-9
044 _abl
245 _aCusto de Produção do Arroz - Instituto Rio Grandense do Arroz (Brazil)
260 _aPorto Alegre-RS
_bInstituto Rio Grandense do Arroz
_c1976. Data final de publicação em 1986
_eBRS
270 _aAv. Júlio de Castro, 585 - 1º andar - 90000-000
310 _airregular
505 _a1976 1(1); 1977 2(2); 1979 5(1); 1981 6(2); 1982 7(2), 8(1); 1983 8 (2), 9(1); 1984 9(2), 10(1); 1985 11(1);
650 1 2 _gARROZ
909 _a56
_bSergio Santos
_c56
_dSergio Santos
942 _cCR
_2AGRIS